| 000 -ლიდერი |
| ფიქსირებული სიგრძის საკონტროლო ველი |
01388nam a22002297a 4500 |
| 003 - საკონტროლო ნომრის იდენტიფიკატორი |
| საკონტროლო ველი |
Ge_BSU |
| 005 - ბოლო ოპერაციის თარიღი და დრო |
| საკონტროლო ველი |
20211011134148.0 |
| 008 - ფიქსირებული სიგრძის მონაცემთა ელემენტები - ზოგადი ინფორმაცია |
| ფიქსირებული სიგრძის საკონტროლო ველი |
211011s2021 ge ||||| |||| 00| 0 geo d |
| 020 ## - წიგნის საერთაშორისო სტანდარტული ნომერი |
| International Standard Book Number |
9789941834264 |
| 041 ## - ენის კოდი |
| Language code of text/sound track or separate title |
geo |
| 080 ## - უნივერსალური ათობითი კლასიფიკაციის ინდექსი |
| Universal Decimal Classification number |
347.9 : 340.122 დ-86 |
| 100 ## - მთავარი ჩანაწერი - პიროვნების სახელი |
| Personal name |
დუორკინი, რონალდ |
| 9 (RLIN) |
12635 |
| 245 ## - ცნობა სათაურის შესახებ |
| Title |
რთული შემთხვევები / |
| Statement of responsibility, etc |
რონალდ დუორკინი ; ნინო ქარქუსაშვილისა და ლაშა ლურსმანაშვილის თარგმანი ; დიმიტრი გეგენავას რედაქტორობით. |
| 264 ## - წარმოების, გამოცემის, დისტრიბუციის და სხვა ცნობები |
| გამოცემის, წარმოების, დისტრიბუციის... ადგილი |
თბილისი : |
| გამოცემის, წარმოების, დისტრიბუციის... სახელწოდება |
სულხან-საბა ორბელიანის უნივერსიტეტის გამომცემლობა, |
| გამოცემის, წარმოების, დისტრიბუციის... თარიღი |
2021. |
| 300 ## - ფიზიკური აღწერა |
| Extent |
112 გვ. ; |
| Other physical details |
20 სმ. |
| 504 ## - BIBLIOGRAPHY, ETC. NOTE |
| Bibliography, etc |
ბიბლიოგრაფია ტექსტის შენიშვნებში. |
| 653 ## - INDEX TERM--UNCONTROLLED |
| Uncontrolled term |
სამართალი |
| 700 ## - ADDED ENTRY--PERSONAL NAME |
| Personal name |
ქარქუსაშვილი, ნინო |
| Relator term |
მთარგმნელი |
| 9 (RLIN) |
12636 |
| 700 ## - ADDED ENTRY--PERSONAL NAME |
| Personal name |
ლურსმანაშვილი, ლაშა |
| Relator term |
მთარგმნელი |
| 9 (RLIN) |
8138 |
| 700 ## - ADDED ENTRY--PERSONAL NAME |
| Personal name |
გეგენავა, დიმიტრი |
| Relator term |
რედაქტორი |
| 9 (RLIN) |
12637 |
| 942 ## - ADDED ENTRY ELEMENTS (KOHA) |
| Source of classification or shelving scheme |
|
| Koha item type |
წიგნი |